Edu-communication for the prevention of delinquency and school violence in adolescents = Edu-comunicación para la prevención de la delincuencia y la violencia escolar en adolescentes = Educomunicação para prevenir a delinquência e a violência escolar em adolescentes

The article explores the implementation of an edu-communicative strategy with a group of 23 tenth-grade students, between 14 and 17 years of age, who are at risk of delinquency and school violence. A quasi-experimental study with qualitative analysis was conducted, using the Participatory Action Res...

Ausführliche Beschreibung

Gespeichert in:  
Bibliographische Detailangaben
VerfasserInnen: Behar Leiser, Olga (Verfasst von) ; Jordán Tróchez, Marisol (Verfasst von) ; Castillo Muñoz, Johana (Verfasst von) ; Ardila Behar, Carolina (Verfasst von)
Medienart: Elektronisch Aufsatz
Sprache:Englisch
Veröffentlicht: 2024
In: Revista Criminalidad
Jahr: 2024, Band: 66, Heft: 2, Seiten: 125-135
Online-Zugang: Volltext (kostenfrei)
Volltext (kostenfrei)
Verfügbarkeit prüfen: HBZ Gateway
Schlagwörter:

MARC

LEADER 00000caa a22000002c 4500
001 193216541X
003 DE-627
005 20250827124436.0
007 cr uuu---uuuuu
008 250731s2024 xx |||||o 00| ||eng c
024 7 |a 10.47741/17943108.609  |2 doi 
035 |a (DE-627)193216541X 
035 |a (DE-599)KXP193216541X 
040 |a DE-627  |b ger  |c DE-627  |e rda 
041 |a eng 
084 |a 2,1  |2 ssgn 
100 1 |a Behar Leiser, Olga  |e VerfasserIn  |0 (orcid)0000-0003-3032-3778  |4 aut 
245 1 0 |a Edu-communication for the prevention of delinquency and school violence in adolescents  |b  = Edu-comunicación para la prevención de la delincuencia y la violencia escolar en adolescentes = Educomunicação para prevenir a delinquência e a violência escolar em adolescentes  |c Olga Behar Leiser, Marisol Jordán Tróchez, Johana Castillo Muñoz, Carolina Ardila Behar 
246 3 1 |a Edu-comunicación para la prevención de la delincuencia y la violencia escolar en adolescentes 
246 3 1 |a Educomunicação para prevenir a delinquência e a violência escolar em adolescentes 
264 1 |c 2024 
336 |a Text  |b txt  |2 rdacontent 
337 |a Computermedien  |b c  |2 rdamedia 
338 |a Online-Ressource  |b cr  |2 rdacarrier 
500 |a Literaturverzeichnis: Seite 132-133 
520 |a The article explores the implementation of an edu-communicative strategy with a group of 23 tenth-grade students, between 14 and 17 years of age, who are at risk of delinquency and school violence. A quasi-experimental study with qualitative analysis was conducted, using the Participatory Action Research method. The results showed that the selected students were able to reflect on the conditions of vulnerability affecting them, move away from previous risk situations, and broaden their expectations for a better future. 
520 |a El artículo explora la implementación de una estrategia educomunicativa con un grupo de 23 estudiantes de décimo grado, con edades entre 14 y 17 años, en riesgo de delincuencia y violencia escolar. Se realizó un estudio cuasi-experimental con análisis cualitativo, utilizando el método de Investigación Acción Participativa. Los resultados mostraron que los estudiantes seleccionados lograron reflexionar sobre las condiciones de vulnerabilidad que los afectan, alejarse de situaciones de riesgo previas y ampliar sus expectativas de un futuro mejor. 
520 |a O artigo explora a implementação de uma estratégia educomunicativa com um grupo de 23 alunos do ensino médio, com idades entre 14 e 17 anos, que estão em risco de delinquência e violência escolar. Foi realizado um estudo quase-experimental com análise qualitativa, usando o método de pesquisa-ação participativa. Os resultados mostraram que os alunos selecionados foram capazes de refletir sobre as condições de vulnerabilidade que os afetam, afastar-se de situações de risco anteriores e ampliar suas expectativas de um futuro melhor. 
650 4 |a Edu-communication 
650 4 |a Educomunicación 
650 4 |a Educomunicação 
650 4 |a delincuencia juvenil 
650 4 |a delinquência juvenil 
650 4 |a Juvenile Delinquency 
650 4 |a prevención de la violencia 
650 4 |a prevenção da violência 
650 4 |a Violence Prevention 
700 1 |a Jordán Tróchez, Marisol  |e VerfasserIn  |0 (orcid)0000-0002-4813-9066  |4 aut 
700 1 |a Castillo Muñoz, Johana  |e VerfasserIn  |0 (orcid)0000-0002-6937-3556  |4 aut 
700 1 |a Ardila Behar, Carolina  |e VerfasserIn  |0 (orcid)0000-0002-2208-9953  |4 aut 
773 0 8 |i Enthalten in  |t Revista Criminalidad  |d Bogotá : Policía Nacional de Colombia, 2004  |g 66(2024), 2, Seite 125-135  |h Online-Ressource  |w (DE-627)721933254  |w (DE-600)2675643-2  |w (DE-576)369754328  |x 2256-5531  |7 nnas 
773 1 8 |g volume:66  |g year:2024  |g number:2  |g pages:125-135 
856 4 0 |u https://doi.org/10.47741/17943108.609  |x Resolving-System  |z kostenfrei  |7 0 
856 4 0 |u https://revistacriminalidad.policia.gov.co:8000/index.php/revcriminalidad/article/view/609/922  |x Verlag  |z kostenfrei  |3 Volltext  |7 0 
951 |a AR 
ELC |a 1 
LOK |0 000 xxxxxcx a22 zn 4500 
LOK |0 001 4751104888 
LOK |0 003 DE-627 
LOK |0 004 193216541X 
LOK |0 005 20250827124436 
LOK |0 008 250731||||||||||||||||ger||||||| 
LOK |0 040   |a DE-21-110  |c DE-627  |d DE-21-110 
LOK |0 092   |o n 
LOK |0 852   |a DE-21-110 
LOK |0 852 1  |9 00 
LOK |0 935   |a krzo 
LOK |0 939   |a 31-07-25  |b l01 
OAS |a 1 
ORI |a SA-MARC-krimdoka001.raw